[Event "FRA-ch (Women)"]
[Site "Nancy"]
[Date "2013.08.13"]
[Round "3"]
[White "Martsynovskaya, Marina"]
[Black "Hamdouchi, Adina Maria"]
[Result "1/2-1/2"]
[WhiteElo "2156"]
[BlackElo "2211"]
[PlyCount "81"]
[EventDate "2013.08.11"]
[EventType "tourn"]
[EventRounds "11"]
[EventCountry "FRA"]
[SourceTitle "CBM 156 Extra"]
[Source "ChessBase"]
[SourceDate "2013.10.22"]
[SourceVersion "1"]
[SourceVersionDate "2013.10.22"]
[SourceQuality "1"]

1. e4 g6 2. d4 Bg7 3. Nf3 d6 4. c3 Nf6 5. Bd3 0-0 6. 0-0 a6 7. a4 Nbd7 8. Bg5 h6 9. Bh4 e5 10. dxe5 dxe5 11. Nbd2 b6 12. Nc4 Re8 13. Nfd2 Bb7 14. f3 Nc5 15. Bc2 a5 16. Nb3 Qe7 17. Ne3 Rad8 18. Qb1 Ne6 19. Rd1 Nf4 20. Rxd8 Rxd8 21. Qf1 Bc8 22. Rd1 Rxd1 23. Qxd1 g5 24. Bf2 h5 25. Nc1 g4 26. Nd3 gxf3 27. Qxf3 Bg4 28. Nxg4 hxg4 29. Qe3 N6h5 30. Nxf4 Nxf4 31. Bg3 Qg5 32. Qe1 Bf8 33. Bf2 Be7 34. Be3 Qg6 35. Bf2 Bg5 36. Qd1 Bf6 37. Qe1 Kg7 38. Bg3 Be7 39. Bf2 Ne6 40. Qe2 Nf4 41. Qe1 1/2-1/2

[Event "FRA-ch (Women)"]
[Site "Nancy"]
[Date "2013.08.12"]
[Round "2"]
[White "Hamdouchi, Adina Maria"]
[Black "Milliet, Sophie"]
[Result "0-1"]
[WhiteElo "2211"]
[BlackElo "2401"]
[PlyCount "142"]
[EventDate "2013.08.11"]
[EventType "tourn"]
[EventRounds "11"]
[EventCountry "FRA"]
[SourceTitle "CBM 156 Extra"]
[Source "ChessBase"]
[SourceDate "2013.10.22"]
[SourceVersion "1"]
[SourceVersionDate "2013.10.22"]
[SourceQuality "1"]

1. Nf3 c5 2. c4 Nf6 3. g3 b6 4. Bg2 Bb7 5. 0-0 g6 6. b3 Bg7 7. Bb2 0-0 8. e3 d5 9. cxd5 Qxd5 10. Nc3 Qd8 11. d4 Nbd7 12. Rc1 a6 13. Qe2 Ra7 14. Rfd1 Qa8 15. Na4 Ne4 16. Ne1 cxd4 17. Bxd4 Bxd4 18. Rxd4 Nd6 19. e4 b5 20. Nc5 Nxc5 21. Rxc5 Qd8 22. Nd3 Qb6 23. Qc2 Ba8 24. h4 Nb7 25. Rcd5 Nd8 26. Ne5 Ne6 27. Rd1 Bxd5 28. exd5 Ng7 29. Nc6 Rd7 30. Bh3 Rc7 31. Bg2 b4 32. Qe4 Qc5 33. Nxb4 a5 34. Na6 Qc2 35. Re1 Qxe4 36. Bxe4 Rc3 37. b4 axb4 38. Nxb4 Rfc8 39. Nc6 Kf8 40. Ne5 Rc1 41. Rxc1 Rxc1+ 42. Kg2 Ra1 43. g4 Rxa2 44. d6 exd6 45. Nxf7 Ra4 46. Ng5 h6 47. Nh7+ Kg8 48. Nf6+ Kf7 49. g5 Ne6 50. Bd5 Rxh4 51. Kg3 hxg5 52. Ne4 Rxe4 53. Bxe4 Kf6 54. Kf3 Nf4 55. Ke3 Ke5 56. f3 d5 57. Bc2 d4+ 58. Kd2 d3 59. Bb3 Kf5 60. Bf7 Ke5 61. Be8 Kf6 62. Bd7 Kg7 63. Bc8 Kf6 64. Bg4 Ke5 65. Bd7 Kd4 66. Be8 g4 67. fxg4 g5 68. Bc6 Nh3 69. Bg2 Nf2 70. Bf3 Ne4+ 71. Ke1 Ke3 0-1

[Event "FRA-chT Top 12 final (Women)"]
[Site "Chalons en Champagne"]
[Date "2013.06.23"]
[Round "2"]
[White "Hamdouchi, Adina Maria"]
[Black "Lazo, Xenia"]
[Result "1-0"]
[WhiteElo "2202"]
[BlackElo "2111"]
[PlyCount "107"]
[EventDate "2013.06.22"]
[EventType "team-tourn"]
[EventRounds "2"]
[EventCountry "FRA"]
[SourceTitle "CBM 155 Extra"]
[Source "ChessBase"]
[SourceDate "2013.08.26"]
[SourceVersion "1"]
[SourceVersionDate "2013.08.26"]
[SourceQuality "1"]
[WhiteTeam "Montpellier (W)"]
[BlackTeam "Juvisy (W)"]
[WhiteTeamCountry "FRA"]
[BlackTeamCountry "FRA"]

1. Nf3 d5 2. g3 c6 3. Bg2 Nf6 4. d3 Bg4 5. Nbd2 Nbd7 6. 0-0 e5 7. e4 Bd6 8. h3 Bxf3 9. Qxf3 0-0 10. Qe2 Qc7 11. Nf3 Rfe8 12. Nh4 dxe4 13. dxe4 Nc5 14. Nf5 Bf8 15. Bg5 Nfd7 16. h4 Ne6 17. Qg4 Nxg5 18. hxg5 Nc5 19. Bf3 Ne6 20. Be2 g6 21. Bc4 Qd8 22. Bxe6 Rxe6 23. Ne3 h5 24. gxh6 Bxh6 25. Rad1 Qg5 26. Rd7 Rb8 27. Rfd1 Qxg4 28. Nxg4 Bg5 29. R1d6 Rxd6 30. Rxd6 Rd8 31. Rxd8+ Bxd8 32. Nxe5 Kf8 33. f4 Ke7 34. Kf2 Bb6+ 35. Kf3 Bd4 36. Nd3 Ke6 37. c3 Bb6 38. a4 a5 39. g4 Ba7 40. Ne5 Bb8 41. Nd3 Ba7 42. f5+ gxf5 43. exf5+ Kf6 44. b4 axb4 45. cxb4 Bg1 46. a5 Ba7 47. Kf4 Bb8+ 48. Ke4 Bd6 49. Nc5 Bxc5 50. bxc5 Kg5 51. Kf3 Kh4 52. Kf4 f6 53. Kf3 Kh3 54. g5 1-0

[Event "FRA-chT Top 12 final (Women)"]
[Site "Chalons en Champagne"]
[Date "2013.06.22"]
[Round "1"]
[White "Guichard, Pauline"]
[Black "Hamdouchi, Adina Maria"]
[Result "1/2-1/2"]
[WhiteElo "2351"]
[BlackElo "2202"]
[PlyCount "71"]
[EventDate "2013.06.22"]
[EventType "team-tourn"]
[EventRounds "2"]
[EventCountry "FRA"]
[SourceTitle "CBM 155 Extra"]
[Source "ChessBase"]
[SourceDate "2013.08.26"]
[SourceVersion "1"]
[SourceVersionDate "2013.08.26"]
[SourceQuality "1"]
[WhiteTeam "Vandoeuvre (W)"]
[BlackTeam "Montpellier (W)"]
[WhiteTeamCountry "FRA"]
[BlackTeamCountry "FRA"]

1. d4 d6 2. Nf3 Nf6 3. c4 g6 4. Nc3 Bg7 5. e4 0-0 6. Be2 e5 7. 0-0 exd4 8. Nxd4 Re8 9. f3 c6 10. Be3 d5 11. cxd5 Nxd5 12. Nxd5 cxd5 13. Qb3 Nc6 14. Rad1 Nxd4 15. Bxd4 Bxd4+ 16. Rxd4 Qf6 17. Qxd5 Be6 18. e5 Bxd5 19. exf6 Rxe2 20. Rxd5 Re6 21. Rd7 b6 22. Rc1 Rxf6 23. Rcc7 a5 24. a4 Re8 25. Kf2 h5 26. h4 Re5 27. Rd4 b5 28. b3 bxa4 29. bxa4 Rff5 30. Kg3 Re2 31. Ra7 Ra2 32. Rb7 Kg7 33. Rc4 Kg8 34. Rc8+ Kg7 35. Rc4 Kg8 36. Rc8+ 1/2-1/2

[Event "Al Ain op 1st"]
[Site "Al Ain"]
[Date "2012.12.27"]
[Round "7"]
[White "Hamdouchi, Adina Maria"]
[Black "Rajesh, VAV"]
[Result "0-1"]
[WhiteElo "2211"]
[BlackElo "2370"]
[PlyCount "100"]
[EventDate "2012.12.22"]
[EventType "swiss"]
[EventRounds "9"]
[EventCountry "UAE"]
[SourceTitle "CBM 152 Extra"]
[Source "ChessBase"]
[SourceDate "2013.02.25"]
[SourceVersion "1"]
[SourceVersionDate "2013.02.25"]
[SourceQuality "1"]

1. d4 Nf6 2. Nf3 g6 3. c4 Bg7 4. Nc3 d5 5. e3 0-0 6. cxd5 Nxd5 7. Bc4 Nb6 8. Bb3 c5 9. 0-0 Bg4 10. h3 Bxf3 11. Qxf3 cxd4 12. exd4 Nc6 13. Be3 Na5 14. Rfd1 Rc8 15. Rac1 Qd7 16. d5 Nbc4 17. Qe2 Nxb3 18. axb3 Nxe3 19. Qxe3 b6 20. Rd3 Rc5 21. Rcd1 Rfc8 22. h4 h5 23. g3 R5c7 24. d6 exd6 25. Rxd6 Qe7 26. Qxe7 Rxe7 27. Rd8+ Rxd8 28. Rxd8+ Kh7 29. Kg2 Rb7 30. b4 Bf6 31. Rd3 Kg7 32. b5 Be5 33. b3 Bxc3 34. Rxc3 Rd7 35. Rc4 Rd5 36. Rb4 Kf6 37. Kf3 Ke6 38. Ke2 f6 39. Ke3 Ke5 40. Ra4 Rxb5 41. Rxa7 Rxb3+ 42. Ke2 Kf5 43. Rf7 Rc3 44. Rb7 Rc6 45. Kf3 Rd6 46. Rf7 Ke5 47. Rg7 f5 48. Ke3 Kd5 49. Kd3 b5 50. Rb7 Kc6+ 0-1

[Event "Al Ain op 1st"]
[Site "Al Ain"]
[Date "2012.12.26"]
[Round "5"]
[White "Hamdouchi, Adina Maria"]
[Black "Labib, Ibrahim Hasan"]
[Result "1/2-1/2"]
[WhiteElo "2211"]
[BlackElo "2432"]
[PlyCount "163"]
[EventDate "2012.12.22"]
[EventType "swiss"]
[EventRounds "9"]
[EventCountry "UAE"]
[SourceTitle "CBM 152 Extra"]
[Source "ChessBase"]
[SourceDate "2013.02.25"]
[SourceVersion "1"]
[SourceVersionDate "2013.02.25"]
[SourceQuality "1"]

1. d4 Nf6 2. Nf3 e6 3. Bf4 b6 4. c3 Bb7 5. e3 d6 6. Be2 Be7 7. h3 Ne4 8. 0-0 Nd7 9. Nfd2 e5 10. Bh2 Nxd2 11. Nxd2 Bf6 12. Bf3 d5 13. e4 0-0 14. dxe5 Nxe5 15. Bxe5 Bxe5 16. exd5 Qh4 17. d6 c6 18. Re1 Bxd6 19. Ne4 Bc7 20. Qd7 Qf4 21. Ng3 Rad8 22. Qe7 Rd2 23. Rad1 Bc8 24. Rxd2 Qxd2 25. Rd1 Qf4 26. Bxc6 Be6 27. b3 g6 28. Qb4 Qf6 29. Ne4 Qe5 30. Ng3 h5 31. Bf3 Qg5 32. Ne4 Qf5 33. Nd6 Qe5 34. Qd4 Bxd6 35. Qxd6 Qxc3 36. Bd5 Re8 37. Bxe6 Rxe6 38. Qf4 Kg7 39. Kh2 Rf6 40. Qd2 Qc5 41. Kg1 Re6 42. a4 h4 43. b4 Qe5 44. Qd4 Qxd4 45. Rxd4 Re1+ 46. Kh2 Ra1 47. a5 bxa5 48. bxa5 Rxa5 49. Rxh4 Kf6 50. Rb4 Re5 51. Rb7 Re7 52. Rb5 a6 53. Rb6+ Re6 54. Rb7 a5 55. Ra7 Re5 56. h4 Ke6 57. g4 Rd5 58. Kg3 f6 59. Kf3 Rb5 60. Ra6+ Ke5 61. h5 gxh5 62. gxh5 f5 63. h6 Rb3+ 64. Kg2 Kf4 65. h7 Rb8 66. Rxa5 Kg5 67. Kg3 Rb3+ 68. f3 Rb8 69. Ra7 Rh8 70. Rg7+ Kh6 71. Rg8 Rxh7 72. Kf4 Rf7 73. Rg5 Rf8 74. Rxf5 Ra8 75. Rf6+ Kg7 76. Rb6 Ra5 77. Kg4 Kf7 78. f4 Rc5 79. Ra6 Rb5 80. f5 Rb1 81. Kf4 Rf1+ 82. Ke4 1/2-1/2

[Event "Al Ain op 1st"]
[Site "Al Ain"]
[Date "2012.12.22"]
[Round "1"]
[White "Hamdouchi, Adina Maria"]
[Black "Sayed, Hussain"]
[Result "1-0"]
[WhiteElo "2211"]
[BlackElo "1970"]
[PlyCount "75"]
[EventDate "2012.12.22"]
[EventType "swiss"]
[EventRounds "9"]
[EventCountry "UAE"]
[SourceTitle "CBM 152 Extra"]
[Source "ChessBase"]
[SourceDate "2013.02.25"]
[SourceVersion "1"]
[SourceVersionDate "2013.02.25"]
[SourceQuality "1"]

1. d4 Nf6 2. Nf3 d6 3. g3 g6 4. Bg2 Bg7 5. 0-0 0-0 6. Re1 d5 7. c4 c6 8. b3 Na6 9. Bb2 Ne4 10. Nfd2 f5 11. e3 Nb4 12. Bf1 a5 13. f3 Nc5 14. Bc3 Nd7 15. a3 Na6 16. b4 axb4 17. axb4 Nf6 18. b5 Nc7 19. b6 Na6 20. c5 Nd7 21. Nb3 e5 22. Bxa6 bxa6 23. Na5 Nxb6 24. cxb6 Qxb6 25. Qb3 Qc7 26. dxe5 Rb8 27. Qc2 c5 28. f4 Be6 29. Nd2 Rf7 30. Nf3 h6 31. Rec1 Rb5 32. Bd2 Bf8 33. Nd4 Rb6 34. Nxe6 Rxe6 35. Nb3 g5 36. Nd4 Rg6 37. Nxf5 Qc6 38. Nd6 1-0

[Event "Saint Affrique op 20th"]
[Site "Saint Affrique"]
[Date "2012.07.22"]
[Round "2"]
[White "Noireaut, Hung"]
[Black "Hamdouchi, Adina Maria"]
[Result "1-0"]
[WhiteElo "1895"]
[BlackElo "2256"]
[PlyCount "59"]
[EventDate "2012.07.21"]
[EventType "swiss"]
[EventRounds "9"]
[EventCountry "FRA"]
[SourceTitle "CBM 149 Extra"]
[Source "ChessBase"]
[SourceDate "2012.08.24"]
[SourceVersion "1"]
[SourceVersionDate "2012.08.24"]
[SourceQuality "1"]

1. e4 g6 2. Nc3 Bg7 3. Bc4 d6 4. d3 Nf6 5. f4 c6 6. Qe2 0-0 7. Nf3 d5 8. Bb3 Na6 9. 0-0 Nc5 10. e5 Ne8 11. h3 Nxb3 12. axb3 c5 13. d4 cxd4 14. Nxd4 e6 15. Be3 Bd7 16. b4 f6 17. Nf3 b6 18. Bd4 fxe5 19. fxe5 Qe7 20. b5 Nc7 21. Nh2 Rxf1+ 22. Rxf1 Qb4 23. Qe3 Nxb5 24. Nxb5 Bxb5 25. Rf2 Rf8 26. Rf6 Bh6 27. Qf2 Rxf6 28. exf6 Qd2 29. f7+ Kf8 30. Bg7+ 1-0

[Event "FRA-chT Top 12 (Women)"]
[Site "Montpellier"]
[Date "2012.01.21"]
[Round "?"]
[White "Bianchi, Florence"]
[Black "Hamdouchi, Adina Maria"]
[Result "0-1"]
[WhiteElo "1756"]
[BlackElo "2253"]
[PlyCount "78"]
[EventDate "2012.01.20"]
[EventType "team-match"]
[EventRounds "3"]
[EventCountry "FRA"]
[SourceTitle "EXT 2014"]
[Source "ChessBase"]
[SourceDate "2013.11.20"]
[SourceVersion "1"]
[SourceVersionDate "2013.11.20"]
[SourceQuality "1"]

1. d4 Nf6 2. c4 g6 3. Nf3 Bg7 4. Nc3 0-0 5. e4 d6 6. Be2 Nbd7 7. 0-0 e5 8. d5 Nc5 9. Bg5 h6 10. Bxf6 Bxf6 11. Rc1 a5 12. Ne1 Bg5 13. Rc2 f5 14. Bf3 Kg7 15. Nd3 b6 16. Nxc5 bxc5 17. exf5 gxf5 18. Re1 Bd7 19. g3 a4 20. Rce2 Bf6 21. Bh5 Kh7 22. Qc2 Bg7 23. Bf3 Be8 24. h4 Kh8 25. Bg2 Qf6 26. Rb1 e4 27. Nd1 Rb8 28. Re3 Qg6 29. Qe2 Bd4 30. Kh2 Bxe3 31. Qxe3 Qf6 32. f4 exf3 33. Bxf3 f4 34. Qc3 Bg6 35. Rc1 fxg3+ 36. Kxg3 Kh7 37. Qxf6 Rxf6 38. Rc3 Rg8 39. Ne3 Bh5+ 0-1

[Event "FRA-chT Top 12 (Women)"]
[Site "Montpellier"]
[Date "2012.01.21"]
[Round "?"]
[White "Hamdouchi, Adina Maria"]
[Black "Bollengier, Andreea"]
[Result "1/2-1/2"]
[WhiteElo "2253"]
[BlackElo "2238"]
[PlyCount "24"]
[EventDate "2012.01.20"]
[EventType "team-match"]
[EventRounds "3"]
[EventCountry "FRA"]
[SourceTitle "EXT 2014"]
[Source "ChessBase"]
[SourceDate "2013.11.20"]
[SourceVersion "1"]
[SourceVersionDate "2013.11.20"]
[SourceQuality "1"]

1. Nf3 Nf6 2. g3 d5 3. Bg2 c5 4. 0-0 Nc6 5. d3 e5 6. Nbd2 Be7 7. c3 0-0 8. e4 dxe4 9. Nxe4 Nxe4 10. dxe4 Qxd1 11. Rxd1 Be6 12. Be3 Rfd8 1/2-1/2

[Event "FRA-chT Top 12 (Women)"]
[Site "Montpellier"]
[Date "2012.01.20"]
[Round "?"]
[White "Hamdouchi, Adina Maria"]
[Black "Neuhauser, Salome"]
[Result "1-0"]
[WhiteElo "2253"]
[BlackElo "2030"]
[PlyCount "59"]
[EventDate "2012.01.20"]
[EventType "team-match"]
[EventRounds "3"]
[EventCountry "FRA"]
[SourceTitle "EXT 2014"]
[Source "ChessBase"]
[SourceDate "2013.11.20"]
[SourceVersion "1"]
[SourceVersionDate "2013.11.20"]
[SourceQuality "1"]

1. Nf3 g6 2. g3 Bg7 3. d4 Nf6 4. Bg2 0-0 5. 0-0 d6 6. a4 Nbd7 7. a5 a6 8. Nc3 e5 9. dxe5 dxe5 10. e4 Qe7 11. Qe2 Re8 12. b3 Qc5 13. Bb2 Qc6 14. Rfd1 Nc5 15. Nd2 Ne6 16. Nf3 Nc5 17. Nd5 Bg4 18. h3 Bxf3 19. Bxf3 Rad8 20. h4 h5 21. Ne7+ Rxe7 22. Rxd8+ Kh7 23. Ba3 Rd7 24. Rxd7 Nfxd7 25. Qc4 f5 26. Re1 f4 27. Rd1 fxg3 28. fxg3 Qf6 29. Kg2 Qc6 30. b4 1-0

[Event "FRA-chB (Women)"]
[Site "Caen"]
[Date "2011.08.26"]
[Round "10"]
[White "Hamdouchi, Adina Maria"]
[Black "Schweitzer, Viktoriya"]
[Result "1/2-1/2"]
[WhiteElo "2266"]
[BlackElo "2226"]
[PlyCount "103"]
[EventDate "2011.08.16"]
[EventType "tourn"]
[EventRounds "10"]
[EventCountry "FRA"]
[SourceTitle "CBM 144 Extra"]
[Source "ChessBase"]
[SourceDate "2011.10.28"]
[SourceVersion "1"]
[SourceVersionDate "2011.10.28"]
[SourceQuality "1"]

1. Nf3 Nf6 2. g3 g6 3. Bg2 Bg7 4. 0-0 0-0 5. d4 d6 6. a4 Nbd7 7. Nc3 c6 8. a5 a6 9. e4 Qc7 10. h3 c5 11. Re1 cxd4 12. Nxd4 Rb8 13. Bg5 h6 14. Be3 Ne5 15. Qc1 Kh7 16. f4 Nc4 17. Bf2 e5 18. Nb3 Bd7 19. Bf1 Rbc8 20. Na4 Bb5 21. Bxc4 Bxc4 22. Nb6 Rce8 23. Nxc4 Qxc4 24. Nd2 Qe6 25. fxe5 Qxe5 26. Kg2 Qb5 27. c3 Nd7 28. Qc2 Re7 29. Re3 Rfe8 30. Qd3 Qc6 31. Rae1 Be5 32. Nf3 Nc5 33. Qd5 Qxd5 34. exd5 Nd7 35. g4 Bf6 36. Rxe7 Rxe7 37. Rxe7 Bxe7 38. Bd4 g5 39. b4 Kg6 40. Nd2 f5 41. c4 h5 42. gxh5+ Kxh5 43. Nb3 Bf6 44. Bxf6 Nxf6 45. Nd4 Kg6 46. Ne6 Nd7 47. Nd8 Ne5 48. c5 dxc5 49. bxc5 Nc4 50. Nxb7 Ne3+ 51. Kf3 Nxd5 52. Nd6 1/2-1/2